书目信息 |
| 题名: |
英语词缀与英语派生词
|
|
| 作者: | 李平武 著 | |
| 分册: | ||
| 出版信息: | 北京 外语教学与研究出版社 2003 |
|
| 页数: | 625页 | |
| 开本: | 21cm | |
| 丛书名: | ||
| 单 册: | ||
| 中图分类: | H314.1 | |
| 科图分类: | ||
| 主题词: | 英语--词缀--研究 , 英语--派生--词汇--研究 , 词缀 , 派生 , 词汇 | |
| 电子资源: | ||
| ISBN: | 7-5600-3281-8 | |
| 000 | 01111nam0 2200301 45 | |
| 001 | 012003000000 | |
| 005 | 20041129153229.81 | |
| 010 | @a7-5600-3281-8@dCNY 25.90 | |
| 100 | @a20031224d2003 ekmy0chiy0121 ea | |
| 101 | 0 | @achi@aeng |
| 102 | @aCN@b110000 | |
| 105 | @ay z 001yy | |
| 200 | 1 | @a英语词缀与英语派生词@Aying yu ci zhui yu ying yu pai sheng ci@dEnglish affixes and how to use them to decipher English derivatives@f李平武著@zeng |
| 210 | @a北京@c外语教学与研究出版社@d2003 | |
| 215 | @a625页@d21cm | |
| 320 | @a本书含附录和主要参考书目及索引 | |
| 330 | @a本书内容包括: 英语词缀的基本知识, 英语词缀与相关派生词的“说文解字”(上), 英语词缀与相关派生词的“说文解字”(下), 较常见的英语词缀简介(上), 较常见的英语词缀简介(下)。 | |
| 510 | 1 | @aEnglish affixes and how to use them to decipher English derivatives@zeng |
| 606 | 0 | @a英语@x词缀@j研究 |
| 606 | 0 | @a英语@x派生@x词汇@j研究 |
| 606 | 0 | @a词缀 |
| 606 | 0 | @a派生 |
| 606 | 0 | @a词汇 |
| 690 | @aH314.1@v4 | |
| 701 | 0 | @a李平武@Ali ping wu@4著 |
| 801 | 0 | @aCN@bQSSKz@c20041129 |
| 905 | @dH314.1@eL227 | |
| 906 | @dCNY25.90@n3@r1 | |
| 英语词缀与英语派生词=English affixes and how to use them to decipher English derivatives/李平武著.-北京:外语教学与研究出版社,2003 |
| 625页;21cm |
| ISBN 7-5600-3281-8:CNY 25.90 |
| 本书内容包括: 英语词缀的基本知识, 英语词缀与相关派生词的“说文解字”(上), 英语词缀与相关派生词的“说文解字”(下), 较常见的英语词缀简介(上), 较常见的英语词缀简介(下)。 |
| ● |
| 相关链接 |
|
|
|
正题名:英语词缀与英语派生词
索取号:H314.1/L227
 
预约/预借
| 序号 | 登录号 | 条形码 | 馆藏地/架位号 | 状态 | 备注 |
| 1 | 384801 | 203848015 | 语言库209/209语言库 36排1列1层/ [索取号:H314.1/L227] | 在馆 | |
| 2 | 384802 | 203848024 | 语言库209/209语言库 36排1列1层/ [索取号:H314.1/L227] | 在馆 | |
| 3 | 384803 | 203848033 | 社科二线400B/400B社科库 11排1列4层/ [索取号:H314.1/L227] | 在馆 | |
| 4 | 427645 | 204276452 | 社科二线400B/400B社科库 10排4列2层/ [索取号:H314.1/L227] | 在馆 | |
| 5 | 427646 | 204276461 | 社科二线400B/400B社科库 10排4列2层/ [索取号:H314.1/L227] | 在馆 | |
| 6 | 427647 | 204276470 | 语言库209/209语言库 36排1列1层/ [索取号:H314.1/L227] | 在馆 |